Missing Word: Guardians of the Galaxy Soundtrack Quiz Stats

 Plays Quiz Updated Mar 18, 2018

Challenge
Share
Tweet
Embed
Score 0/11 Timer 03:00
1 Play Today
Song Missing Word % Correct
Ain't No ____ High EnoughMountain
97%
Escape (The PiƱa ____ Song)Colada
93.4%
Go All the ____Way
91.9%
Fooled Around and ____ in LoveFell
85.4%
I Want You ____Back
84.7%
____ on a FeelingHooked
84.7%
Come and ____ Your LoveGet
84.2%
Spirit in the ____Sky
78%
I'm ____ in LoveNot
57.7%
Cherry ____Bomb
57.4%
Moonage ____Daydream
27.9%

Today's Daily Dose

Missing Word
'F' Pairs

Word Ladder
Mixed Synonyms

On This Day
August 15th II

You're not logged in!

Compare scores with friends on all Sporcle quizzes.
Join for Free
OR
Log In

You Might Also Like...

Show Comments

Extras

Top Quizzes Today


Score Distribution

Your Account Isn't Verified!

In order to create a playlist on Sporcle, you need to verify the email address you used during registration. Go to your Sporcle Settings to finish the process.

Report this User

Report this user for behavior that violates our Community Guidelines.

Details: